Statistics for Indian states in Thai

Click here to take the quiz!

General Stats

  • This quiz has been taken 2 times
  • The average score is 6 of 36

Answer Stats

THAIINDIAN STATES% Correct
กัวGoa
100%
เดลีDelhi
50%
กรณาฏกะKarnataka
50%
มัธยประเทศMadhya pradesh
50%
มหาราษฏระMaharashtra
50%
ราชสถานRajasthan
50%
สิกขิมSikkim
50%
ทมิฬนาฑูTamil nadu
50%
อุตตรประเทศUttar pradesh
50%
เบงกอลตะวันตกWest bengal
50%
หมู่เกาะอันดามันและนิโคบาร์Andaman and nicobar islands
0%
อานธรประเทศAndhra pradesh
0%
อรุณาจัลประเทศArunachal pradesh
0%
อัสสัมAssam
0%
พิหารBihar
0%
จัณฑีครห์Chandigarh
0%
ฉัตตีสครห์Chhattisgarh
0%
ดาดราและนครหเวลีและดามันและดีอูDadra and nagar haveli and daman and diu
0%
คุชราตGujarat
0%
หรยาณาHaryana
0%
หิมาจัลประเทศHimachal pradesh
0%
ชัมมูและกัศมีร์Jammu and kashmir
0%
ฌารขัณฑ์Jharkhand
0%
เกรละKerala
0%
ลาดักLadakh
0%
ลักษทวีปLakshadweep
0%
มณีปุระManipur
0%
เมฆาลัยMeghalaya
0%
มิโซรัมMizoram
0%
นาคาแลนด์Nagaland
0%
โอฑิศาOdisha
0%
ปุฑุเจรีPuducherry
0%
ปัญจาบPunjab
0%
เตลังคานาTelangana
0%
ตริปุระTripura
0%
อุตตราขัณฑ์Uttarakhand
0%

Score Distribution

Percentile by Number Answered

Percent of People with Each Score

Your Score History

You have not taken this quiz